Guess the Taylor Swift Song (no hints) 107 - Statistics

General Stats
  • This quiz has been taken 86 times
    52 since last reset
  • The average score is 253 of 348
Answer Stats
Answer % Correct
a
100%
you
100%
You
100%
do
97%
I
97%
to
97%
when
97%
When
97%
who
97%
your
97%
And
93%
and
93%
I'm
93%
in
93%
love
93%
love,
93%
me
93%
me,
93%
my
93%
the
93%
why
93%
Why
93%
why,
93%
why?
93%
don't
90%
it
90%
that
90%
you're
90%
no
87%
what
87%
know
83%
so
83%
So
83%
are
80%
but
80%
But
80%
for
80%
have
80%
on
80%
then
80%
go
77%
like
77%
not
77%
tell
77%
Tell
77%
can
73%
How
70%
of
70%
I've
67%
said
67%
say,
67%
want
67%
could
63%
down
63%
make
63%
Now
63%
one
63%
think
63%
night
60%
see
60%
here
57%
back,
53%
get
53%
oh
53%
day
50%
doing
50%
from
50%
mind?
47%
need
47%
put
47%
thing
47%
feel
43%
got
43%
last
43%
mean
43%
told
43%
Well,
43%
here's
40%
Here's
40%
let
40%
only
40%
took
40%
might
37%
push
37%
around
33%
chance,
33%
hard
33%
someone's
33%
tired
33%
Yes,
33%
bulletproof,
30%
bulletproof
30%
dreams
30%
feeling
30%
inside?
30%
perfect
30%
remember
30%
shot
30%
sick
30%
take
30%
temper
30%
attitude
27%
believe
27%
confused
27%
frustrated
27%
ruin
27%
run
27%
small
27%
streak
27%
swing,
27%
trying
27%
whole
27%
book
23%
cover
23%
Forget
23%
ground,
23%
heartbeat
23%
Makes
23%
write
23%
ask
20%
reasons
20%
step
20%
cut
17%
No matching quizzes found
Score Distribution
Percent of People with Each Score
Percentile by Number Answered
Your Score History
You have not taken this quiz since the last reset